01074cam a2200265 b 4500003000500000005001700005008004100022020003500063040001400098082001600112100002000128245007300148250006100221260003900282300005000321336001400371337001500385500002000400520024300420650001500663650004100678650002400719650002700743650003800770322820231018121749.0110127s2011 si a 001 0 eng d a9789810685096cPaperback (pbk) aRDAc322804a620.11 HIBB1 aHibbeler, R. C.10aMechanics of materials /cR.C. Hibbeler. SI conversion by S. C. Fan. aEighth edition in SI units /bSI conversion by S.C. Fan. aSingapore :bPrentice Hall,c2011. axxii, 866 p. :bcolour illustrations,c24 cm. atextbtxt aunmediated aIncludes index.8 aThis text provides a clear, comprehensive presentation of both the theory and applications of mechanics of materials. It looks at the physical behaviour of materials under load, then proceeds to model this behaviour to development theory. 0aMaterials. 0aMaterialsvProblems, exercises, etc. 0aMechanics, Applied. 0aStrength of materials. 0aStructural analysis (Engineering)